[Event "Olomouc Skanska Cup"]
[Site "Olomouc"]
[Date "2004.08.12"]
[Round "9"]
[White "Bernasek, Jan"]
[Black "Simacek, Pavel"]
[Result "1/2-1/2"]
[WhiteElo "2395"]
[BlackElo "2439"]
[Annotator "Ribli,Z"]
[PlyCount "131"]
[EventDate "2004.08.04"]
[EventType "tourn"]
[EventRounds "11"]
[EventCountry "CZE"]
[EventCategory "9"]
[SourceTitle "CBM 103"]
[Source "ChessBase"]
[SourceDate "2004.11.11"]
[SourceVersion "1"]
[SourceVersionDate "2004.11.11"]
[SourceQuality "1"]

1. d4 Nf6 2. Nf3 c5 3. c4 cxd4 4. Nxd4 g6 {Statt dessen kann Schwarz sowohl 4..
.Nc6 oder 4...e6 spielen,} ({als auch mit} 4... e5 5. Nb5 d5 6. cxd5 Bc5 {
fortsetzen.}) 5. g3 Bg7 (5... d5 $5) 6. Bg2 O-O 7. O-O Nc6 {Eine natürliche
Antwort.} ({Mit} 7... d5 $5 8. cxd5 Nxd5 9. Nc3 Nxc3 10. bxc3 {könnte Schwarz
das Spiel relativ einfach ausgleichen, aber wahrscheinlich möchte Schwarz in
dieser Partie wegen der Elo-Differenz der beiden Kontrahenten das Spiel
komplizieren.}) 8. Nc3 Nxd4 9. Qxd4 d6 10. Qd2 {Die weisse Dame wird früher
oder später den Posten auf d4 verlassen müssen.} ({Die Alternative} 10. Qd3 {
bietet aber in diesem Fall mehr Aussicht auf Eröffnungsvorteil.}) 10... a6 ({
Mit} 10... Be6 {könnte Schwarz ausnutzen, dass Weiss nicht 10.Qd3 gespielt hat
und den ungedeckten Pc4 angreifen.} 11. Bxb7 Rb8 12. Bf3 (12. Bd5 Nxd5 13. Nxd5
Qd7 $44) 12... Bxc4 13. b3 Be6 14. Bb2 Qa5 15. Rfd1 Rfc8 $11) 11. b3 Rb8 12. a4
Bd7 (12... Qb6 13. Rb1 Qc5 14. Bb2 Qh5 15. Rbc1 Bh3 16. Nd5 Nxd5 17. Bxg7 Kxg7
18. cxd5 Bxg2 19. Kxg2 Rfc8 20. Rc3 Qf5 21. Rfc1 {1-0 Ignatiev,F-Yangarber,A/
Moscow 1973/EXT 2001 (48)}) (12... b6 13. Bb2 Bb7 14. e4 Nd7 15. Nd5 Bxb2 16.
Qxb2 Bxd5 17. exd5 f5 $2 18. Rfe1 Rf7 19. Re3 Rb7 20. h4 {1-0 Pantsulaia,
L-Esen,B/Izmir 2003/EXT 2004 (48)}) 13. Bb2 Qa5 {Jetzt ist eigentlich eine
Maroczy-Stellung der Sizilianischen Verteidigung entstanden (nach e2-e4), in
der Weiss mehr Raum besitzt und das Feld d5 kontrolliert, die schwarze
Stellung ist aber fest und ohne Schwächen} (13... b5 14. cxb5 axb5 15. Nd5 Nxd5
16. Bxg7 Kxg7 17. Bxd5 bxa4 18. bxa4 Qb6 19. a5 {1-0 Vikulov,A-Plieger,J/
Liechtenstein 1995/EXT 97 (33)}) 14. Rfd1 Rfe8 {Obwohl dieser Turmzug nicht
schlecht ist, scheint mir aber die Alternative 14...R fc8 logischer zu sein.} (
14... Rfc8 15. Nd5 Qxd2 16. Rxd2 Nxd5 17. Bxg7 Kxg7 18. Bxd5 Bc6 19. f4 h5 20.
Kf2 {1/2-1/2 Laube,B-Kaspret,G/Austria 1990/TD (49)}) 15. e4 (15. Nd5 Qxd2 16.
Rxd2 Nxd5 17. Bxg7 Kxg7 18. Bxd5 $11 (18. cxd5 $6 Rec8 $15)) 15... Qh5 {
[%cal Gd7h3]} (15... Qb4 16. Qc2 Bc6 17. Nd5 Bxd5 18. exd5 Nd7 $11 {[%cal
Gd7c5]}) 16. f3 (16. Nd5 $5 Nxd5 17. exd5 Bxb2 18. Qxb2 Bh3 19. Re1 $14) 16...
Bh3 17. Ne2 $14 {[%cal Ge2f4,Gf4d5,Gf4h5,Gf4h3] Der Raumvorteil und die
besseren Manövriermöglichkeiten geben Weiss ein kleines Positionsplus.} (17.
Nd5 Nxd5 18. exd5 Bxg2 19. Kxg2 Bxb2 20. Qxb2 e5 21. dxe6 Rxe6 22. Rd5 $14)
17... Bxg2 18. Kxg2 Nd7 19. Bxg7 Kxg7 20. h4 $5 {[%mdl 32] Weiss möchte 21.Nf4
und 22.h5 ziehen, um die Initiative am Königsflügel zu ergreifen.} (20. Nf4 Qe5
21. Nd5 $14) 20... Qe5 21. h5 g5 $1 {[%cal Gg5g4]} ({Der Zug} 21... Qxh5 $2 {
wäre unnatürlich und zu materialistisch.} 22. Rh1 Qe5 23. Qh6+ Kg8 (23... Kf6
24. Qh4+ Qg5 25. Qxg5+ Kxg5 26. Rxh7 $16) 24. Qxh7+ Kf8 25. Rad1 $16) 22. g4 {
[%csl Yf5][%cal Ge2d4,Gd4f5,Ge2g3,Gg3f5] Weiss peilt mit dem Springer das Feld
f5 an.} (22. Nd4 g4 $13) 22... Nc5 23. Nd4 Ne6 {[%csl Yf4,Yf5][%cal Ge6f4]
Schwarz richtet sein Gegenspiel auf das Feld f4 aus.} 24. Nxe6+ (24. Nf5+ Kh8
$13) 24... fxe6 $11 {[%csl Ge5] Die aktive Dame auf e5 dominiert auf dem Brett.
} 25. Qd4 Kf6 (25... Qxd4 26. Rxd4 e5 $11) 26. Kf2 Qxd4+ 27. Rxd4 Ke5 {[%csl
Ge5]} 28. Ke3 Rf8 {Droht 29...Rxf3+.} 29. Rdd1 Rbc8 30. Rd3 Rc5 {Für das
Turmendspiel stehen alle schwarzen Figuren aktiv, doch sind in der weissen
Stellung keine Schwächen erkennbar.} 31. Rb1 Rfc8 32. Ra1 R8c6 (32... b5 33.
cxb5 axb5 34. axb5 Rxb5 35. Ra7 Kf6 $11) 33. Ra2 Rb6 {[%cal Gb6b4]} 34. Ra1 Rb4
35. Ra2 d5 (35... b5 $2 36. cxb5 axb5 37. a5 $16) 36. exd5 exd5 37. cxd5 a5 $2
{Schwarz gestaltet das Spiel unnötig kompliziert. Einfacher wäre es, den Pd5
zurückzunehmen.} (37... Rxd5 38. Rxd5+ Kxd5 39. Rd2+ $11) 38. Re2 Kd6 (38...
Rxd5 39. Kd2+ Kd6 40. Rxd5+ Kxd5 41. Rxe7 $16) 39. Kf2 b5 (39... Rxd5 40. Rxd5+
Kxd5 41. Rxe7 $16) 40. axb5 (40. Re6+ Kd7 41. Rde3 bxa4 42. bxa4 Rc2+ 43. Kg3
Rbb2 $11) 40... Rcxb5 41. Re6+ Kd7 42. Ra6 $2 (42. Rde3 $16 {[%csl Rd7,Re7]})
42... Rxb3 43. Rxb3 Rxb3 44. Rxa5 Rb6 (44... Kd6 45. Ra6+ Kxd5 46. Rh6 $16) 45.
Ra8 Rf6 46. Ke3 Kd6 47. Rg8 h6 48. Rg7 Kxd5 49. Rxe7 $14 {[%mdl 4096] Der
weisse Mehrbauer lässt sich hier kaum verwerten, da sich Schwarz leicht
verteidigen kann.} Ra6 50. Re8 Ra3+ 51. Kf2 Ra6 52. f4 $5 {Dieser Durchbruch
führt eigentlich zu einem forciertem Remis, ist aber für Weiss die einzige
Möglichkeit auf Aktivität.} (52. Rg8 Ke5 53. Rg6 Rxg6 54. hxg6 Kf6 $11) 52...
Ra2+ (52... gxf4 53. Kf3 $14) 53. Kf3 (53. Re2) 53... Ra3+ 54. Kf2 Ra2+ (54...
gxf4 $11) 55. Re2 Rxe2+ 56. Kxe2 gxf4 57. g5 Ke6 (57... hxg5 58. h6 $18) 58. g6
(58. gxh6 Kf7 $11) 58... Kf6 59. Kf3 {Es scheint, dass Weiss mit seinem gutem
g6-Freibauern leicht gewinnt.} Ke6 60. Kxf4 Kf6 $11 {Diese theoretische
Remisstellung ist interessant und bemerkenswert.} 61. Ke4 Ke6 (61... Kg7 $11)
62. Kd4 Kf6 63. Kd5 Kg7 64. Ke6 Kg8 65. Kf6 Kh8 (65... Kf8 66. g7+ Kg8 67. Kg6
{Patt.}) 66. Kf7 1/2-1/2

[Event "Terrassa"]
[Site "Terrassa"]
[Date "1990.??.??"]
[Round "11"]
[White "Pomes Marcet, Juan"]
[Black "Illescas Cordoba, Miguel"]
[Result "1-0"]
[WhiteElo "2420"]
[BlackElo "2530"]
[Annotator "Ribli,Z"]
[PlyCount "119"]
[EventDate "1990.04.??"]
[EventType "tourn"]
[EventRounds "11"]
[EventCountry "ESP"]
[EventCategory "11"]
[SourceTitle "CBM 019"]
[Source "ChessBase"]
[SourceDate "1990.12.01"]
[SourceVersion "1"]
[SourceVersionDate "1990.12.01"]
[SourceQuality "1"]

1. Nf3 c5 2. c4 Nc6 3. d4 cxd4 4. Nxd4 Nf6 5. g3 g6 6. Bg2 Bg7 7. O-O O-O 8.
Nc3 Nxd4 9. Qxd4 d6 10. Qh4 Be6 11. Bxb7 (11. Rd1 Qc7 12. b3 a6 13. Bd2 Rac8
14. Rac1 {Klinger,J-Jakob,S Bern 1989 CBM 11}) 11... Rb8 12. Bf3 Qa5 13. Nd5
Bxd5 14. cxd5 Rfc8 (14... Nxd5 $1 15. Bxd5 Qxd5 16. Qxe7 a5 17. e4 Qd4 $44 {
Mihalcisin-Gulko URS ch 1978 26/92}) 15. Rd1 Rc2 16. Qg5 Qc7 17. Rb1 a5 18. Qe3
h5 19. h3 Kf8 20. Qa3 Nd7 21. Bd2 $1 Rbxb2 22. Rxb2 Bxb2 23. Qb3 $1 Qc4 24.
Bxa5 Ne5 25. Qxc4 Nxc4 26. Be4 $1 $18 Rc1 27. Rxc1 Bxc1 28. Bc3 Ba3 29. Bc2 Bc5
30. Bb3 Na3 31. e3 Ke8 32. Ba4+ Kf8 33. Kf1 e5 34. Ke2 Nc4 35. Bb3 Na3 36. Kd3
f5 37. f3 Ke7 38. e4 fxe4+ 39. fxe4 Kd8 40. Ba5+ Ke7 41. Ba4 g5 42. g4 hxg4 43.
hxg4 Bd4 44. Bb4 Bc5 45. Be1 Bd4 46. Bd2 Kf6 47. Bc1 Bc5 48. Kc3 Bd4+ 49. Kb3
Nb1 50. Bb5 Nc3 51. Bd3 Nd1 52. Be2 Nf2 53. Bf3 Nd3 54. Bd2 Bf2 55. Kc4 Ne1 56.
Be2 Nc2 57. a4 Bc5 58. a5 Nd4 59. Bd1 Ba7 60. a6 {Ribli} 1-0

[Event "Kecskemet"]
[Site "Kecskemet"]
[Date "1990.??.??"]
[Round "6"]
[White "Hertneck, Gerald"]
[Black "Tolnai, Tibor"]
[Result "1/2-1/2"]
[WhiteElo "2480"]
[BlackElo "2490"]
[Annotator "Ribli,Z"]
[PlyCount "76"]
[EventDate "1990.06.??"]
[EventType "tourn"]
[EventRounds "13"]
[EventCountry "HUN"]
[EventCategory "8"]
[SourceTitle "CBM 020"]
[Source "ChessBase"]
[SourceDate "1991.02.01"]
[SourceVersion "1"]
[SourceVersionDate "1991.02.01"]
[SourceQuality "1"]

1. Nf3 c5 2. c4 Nf6 3. Nc3 Nc6 4. g3 g6 5. Bg2 Bg7 6. O-O O-O 7. d4 cxd4 8.
Nxd4 Ng4 9. e3 Nxd4 10. exd4 Nh6 11. Bf4 d6 12. c5 Nf5 13. cxd6 exd6 14. d5 g5
15. Bd2 h6 16. Ne4 $5 Bxb2 17. Rb1 Bg7 18. Qh5 f6 19. f4 $1 $146 g4 20. Rfe1
Nd4 21. Bc3 f5 22. Qg6 $1 Kh8 23. Nxd6 Qf6 24. Qxf6 Bxf6 25. Nb5 Nxb5 26. Bxf6+
Rxf6 27. Rxb5 b6 28. Re8+ Kg7 29. d6 Ba6 30. Re7+ (30. Rxa8 Bxb5 31. Bf1 $1 Bc6
(31... Bxf1 32. d7 $1 $18) 32. Rxa7+ Kg6 33. Ra6 Rxd6 34. Rxb6 $18) 30... Kg6
31. Rxf5 Rxd6 32. Bxa8 Kxf5 33. Be4+ Kf6 34. Rxa7 Bc4 35. a4 Re6 36. Bg2 Re1+
37. Kf2 Re2+ 38. Kg1 Re1+ 1/2-1/2

[Event "Aars"]
[Site "Aars"]
[Date "1995.??.??"]
[Round "2"]
[White "Nielsen, Peter Heine"]
[Black "Brynell, Stellan"]
[Result "1-0"]
[WhiteElo "2500"]
[BlackElo "2460"]
[Annotator "Ribli,Z"]
[PlyCount "167"]
[EventDate "1995.10.??"]
[EventType "tourn"]
[EventRounds "9"]
[EventCountry "DEN"]
[EventCategory "9"]
[SourceTitle "CBM 050"]
[Source "ChessBase"]
[SourceDate "1996.02.01"]
[SourceVersion "1"]
[SourceVersionDate "1996.02.01"]
[SourceQuality "1"]

1. Nf3 Nf6 2. g3 c5 3. Bg2 g6 4. O-O Bg7 5. d4 cxd4 6. Nxd4 O-O 7. c4 Nc6 8.
Nc3 Ng4 9. e3 d6 10. h3 (10. b3 $5 a6 11. Bb2 Nxd4 12. exd4 Rb8 13. Re1 Nh6 14.
Nd5 e6 15. Ne3 b5 16. Qe2 $14 {Timman,J-Khalifman,A/Amsterdam/1995/CBM49/})
10... Nge5 11. b3 Nxd4 (11... a6 12. Bb2 Bd7 (12... Rb8 $5) 13. Nc2 Qa5 14. Qe2
b5 15. cxb5 axb5 16. Nd1 f5 17. f4 Nf7 18. Bxg7 Kxg7 19. Nd4 Nxd4 20. exd4 Rae8
21. Nf2 $14 {Butnoris,A-Kuzmin,G/St.Petersburg/1992/CBM30/}) 12. exd4 Nc6 13.
Be3 a6 {Eine Neuerung} (13... e5 $6 14. dxe5 dxe5 15. Bc5 Re8 16. Qxd8 Rxd8 17.
Rad1 Bd7 18. Nb5 $14 {Manor,I-Lendwai,R/Borsodtavho/1991/EXP23/}) 14. Rc1 Rb8
15. Re1 Re8 {Der Anziehende steht mit dem Bauernpulk im Zentrum und mit den
guten Figuren schon leicht besser, aber wie kann er weitere Fortschritte
machen ?} 16. d5 Ne5 17. Ba7 Ra8 18. Bd4 Nd7 19. Bxg7 Kxg7 20. Qd4+ Kg8 21. Ne4
(21. Rc2 $5 Nf6 22. g4 $14) 21... b5 {Einziges Gegenspiel.} 22. cxb5 axb5 23.
Rc2 $5 {Dieser schlaue Zug hat zwei Absichten: 1. Er deckt den a2-Bauern. 2.Er
wird bald den Druck auf die e-Linie verstaerken.} Bb7 24. Rce2 $1 {Droht /\ Nd6
} Ra6 25. Nc3 Rb6 $8 26. Re3 {Droht /\ Bf1} b4 27. Na4 Rb5 28. Qc4 Ba6 $8 29.
Qh4 Bb7 (29... Nf6 $4 30. Qxf6 $18) (29... e5 30. dxe6 $1 Qxh4 31. exd7 $1 Rxe3
32. Rxe3 $18) 30. Qc4 (30. Rxe7 Rxe7 31. Qxe7 Qxe7 32. Rxe7 Nf6 $13) 30... Ba6
31. Qc6 Nb8 {[#]} 32. Qxe8+ $1 {Weiss hat sich diese kleine aber huebsche
Kombination durch gutes Spiel verdient.} Qxe8 33. Rxe7 Qf8 34. Re8 Bb7 35.
Rxf8+ Kxf8 36. Rd1 Nd7 37. Rd4 Nf6 38. Bf1 Rxd5 39. Rxb4 Bc6 40. Rc4 $1 {
Weiss soll den schwarzen Laeufer aus der h1-a8 Diagonale vertreiben.} Be8 41.
Nc3 Rd2 42. Rf4 $1 {Weiss gewinnt noch ein wichtiges Tempi seinen Vorteil zu
konsolidieren.} Nh5 (42... Ke7 $4 43. Rxf6 Kxf6 44. Ne4+ $18) 43. Rf3 Rc2 44.
Rd3 Rc1 45. a4 Bd7 {Droht /\ Bh3} 46. Ne2 $1 Rb1 47. g4 Nf6 48. Rxd6 Be6 (48...
Ke7 49. Rd3 $18) 49. Nd4 Ke7 50. Rb6 Bd5 51. Nc6+ Kd7 (51... Bxc6 52. Rxc6 Rxb3
53. Rc7+ Kf8 54. Bc4 $18 (54. Rxf7+ Kxf7 55. Bc4+ $18)) 52. Ne5+ Ke7 53. f3 $5
{Weiss gibt wegen der unangenehmen Drohung (/\ Ne4,Nd2) einen Bauern zurueck,
weil der riese Freibauern (a4) den Sieg garantiert. Natuerlich benötigt man im
Schach auch eine gute Technik.} Rxb3 54. Rxb3 Bxb3 55. a5 Kd6 56. f4 (56. Bc4
$1 {Der gewinnt sofort.} Bxc4 (56... Kxe5 57. Bxb3 $18) 57. Nxc4+ $18) 56...
Ne4 57. Bg2 Nc5 58. Nd3 $5 Na4 (58... Nxd3 59. a6 $18) 59. Kf2 f6 60. Ke3 Bc4
61. Nf2 f5 62. Kd4 Ba6 63. g5 Nc5 64. Bd5 Nd7 65. Bg8 $6 {Unnoetig} (65. Nd1
$18) 65... Nb8 66. Bxh7 Nc6+ 67. Ke3 Ne7 68. h4 Kc5 69. Nh1 Bb7 70. Nf2 Ba6 (
70... Nd5+ 71. Kd2 Nxf4 72. Nd3+ Nxd3 73. Kxd3 $18) 71. Bxg6 $1 Nxg6 72. h5 Ne7
(72... Nh8 73. g6 Bc4 74. Nd3+ Kb5 75. Ne5 $18) 73. h6 Ng6 74. h7 Kd5 (74...
Bc8 75. Nd3+ Kb5 76. Ne5 $18) 75. Ng4 $1 Ke6 (75... fxg4 76. f5 Nh8 77. g6 $18)
76. Ne5 Nh8 77. Kd4 Ke7 78. Kc5 Kf8 79. Kb6 Bf1 80. a6 Bxa6 81. Kxa6 Kg7 82. g6
Nxg6 83. Nxg6 Kxh7 84. Nh4 1-0

[Event "USA-ch"]
[Site "USA"]
[Date "1989.??.??"]
[Round "7"]
[White "Dzindzichashvili, Roman"]
[Black "Fedorowicz, John P"]
[Result "1-0"]
[WhiteElo "2545"]
[BlackElo "2560"]
[Annotator "Ribli,Z"]
[PlyCount "121"]
[EventDate "1989.11.??"]
[EventType "tourn"]
[EventRounds "15"]
[EventCountry "USA"]
[EventCategory "12"]
[SourceTitle "CBM 019"]
[Source "ChessBase"]
[SourceDate "1990.12.01"]
[SourceVersion "1"]
[SourceVersionDate "1990.12.01"]
[SourceQuality "1"]

1. d4 Nf6 2. Nf3 g6 3. c4 Bg7 4. g3 c5 5. Bg2 cxd4 6. Nxd4 O-O 7. Nc3 Nc6 8.
O-O Ng4 9. e3 Nge5 10. b3 d6 11. h3 (11. Nde2 Bg4 12. f3 Bd7 13. h3 Nb4 14. a3
Nbd3 15. Bd2 a5 16. Rb1 Nc5 $13 {Nikolic,Pr-Anand,V Wijk 1989 CBM 11}) 11...
Qa5 12. Bd2 $5 (12. Bb2 Nxd4 13. exd4 Nc6 14. Nd5 e6 15. Bc3 Qd8 16. Ne3 $14 {
Rodriguez-Cuellar Bogota 1972}) 12... Nxd4 13. exd4 Nc6 14. Nb5 Qd8 15. d5 $1
Nb8 (15... Bxa1 $2 16. dxc6 bxc6 17. Bxc6 $18) 16. Bc3 Bxc3 17. Nxc3 Nd7 18.
Re1 Nf6 19. Qd4 Bd7 20. Re3 {<-> e7} a6 21. Rae1 Re8 22. a4 Rb8 23. g4 h6 24.
Bf3 b5 25. axb5 axb5 26. cxb5 Qb6 27. Qxb6 Rxb6 28. Be2 $1 Kf8 29. Bc4 Rb7 30.
Kg2 e6 31. dxe6 fxe6 32. Bxe6 Bxb5 33. Nxb5 Rxb5 34. Bc4 Rxe3 35. Rxe3 Re5 36.
Rxe5 dxe5 37. Kf3 g5 38. Bd3 Ke7 39. Be4 Kd6 40. b4 Kc7 41. b5 Ne8 42. Ke3 Nd6
43. Bc6 Kb6 44. Kd3 Kc5 45. Kc3 Nc4 46. Be4 Nd6 47. Bd3 Nb7 48. Kb3 Nd6 49. Ka4
Nc8 50. Ka5 Nb6 51. Be2 Nd5 52. Bf1 Nb6 53. Ka6 Nd5 54. Kb7 Nb6 55. Kc7 e4 56.
Kd8 Nd5 57. Ke8 e3 58. fxe3 Nxe3 59. Be2 Ng2 60. Kf7 Nf4 61. Bf1 {Ribli} 1-0

[Event "Porz Citroen-Cup"]
[Site "Cologne"]
[Date "1990.??.??"]
[Round "8"]
[White "Spassov, Liuben"]
[Black "Rechmann, Peter"]
[Result "0-1"]
[WhiteElo "2420"]
[BlackElo "2355"]
[Annotator "Ribli,Z"]
[PlyCount "76"]
[EventDate "1990.12.??"]
[EventType "tourn"]
[EventRounds "9"]
[EventCountry "GER"]
[EventCategory "7"]
[SourceTitle "CBM 021"]
[Source "ChessBase"]
[SourceDate "1991.04.01"]
[SourceVersion "1"]
[SourceVersionDate "1991.04.01"]
[SourceQuality "1"]

1. Nf3 Nf6 2. g3 g6 3. Bg2 Bg7 4. c4 c5 5. O-O Nc6 6. d4 cxd4 7. Nxd4 O-O 8.
Nc3 Ng4 9. e3 d6 10. h3 Nge5 11. b3 Qa5 12. Bd2 Nxd4 13. exd4 Nc6 14. Nd5 (14.
Nb5 $1 Qd8 15. d5 $1 Nb8 16. Bc3 $14 {Dzindzichasvili,R-Fedorowicz,J USA-ch
1989 CBM/19}) 14... Qd8 15. Be3 e6 16. Nc3 Ne7 17. g4 Rb8 18. Qd2 b6 19. Bh6 d5
20. cxd5 Nxd5 21. Bxg7 Kxg7 22. Nxd5 exd5 23. Rfe1 Be6 24. Re5 Rc8 25. f4 Qh4
26. Rf1 Rfe8 27. f5 Bd7 28. Qe3 (28. Rxd5 Bc6 29. Re5 Rxe5 30. dxe5 Qg3 $13)
28... f6 29. Re7+ Kf8 30. Re6 gxf5 31. gxf5 Bxe6 32. fxe6 Ke7 33. Rf4 Qg5 34.
h4 Qg6 35. Rf2 Rc6 36. Qf3 Rxe6 37. Kh2 Re4 38. Qh3 Rg8 0-1

[Event "USA-ch"]
[Site "USA"]
[Date "1989.??.??"]
[Round "13"]
[White "Dzindzichashvili, Roman"]
[Black "Gulko, Boris F"]
[Result "1/2-1/2"]
[WhiteElo "2545"]
[BlackElo "2610"]
[Annotator "Ribli,Z"]
[PlyCount "87"]
[EventDate "1989.11.??"]
[EventType "tourn"]
[EventRounds "15"]
[EventCountry "USA"]
[EventCategory "12"]
[SourceTitle "CBM 019"]
[Source "ChessBase"]
[SourceDate "1990.12.01"]
[SourceVersion "1"]
[SourceVersionDate "1990.12.01"]
[SourceQuality "1"]

1. d4 Nf6 2. c4 g6 3. Nf3 Bg7 4. g3 c5 5. Bg2 cxd4 6. Nxd4 Nc6 7. O-O O-O 8.
Nc3 Nxd4 9. Qxd4 d6 10. Qd3 a6 11. Bg5 (11. Be3 Ng4 12. Bd4 Ne5 13. Qd1 Rb8 14.
a4 Be6 15. Nd5 {Ftacnik,L-Wojtkiewicz,A Haninge CBM 18}) 11... Rb8 12. c5 $6
Qa5 $1 (12... dxc5 13. Qxd8 Rxd8 14. Bf4 Ra8 15. Rfd1 Rxd1+ 16. Rxd1 $146) 13.
Bxf6 Bxf6 14. cxd6 exd6 15. Rfd1 (15. Qxd6 Be6) 15... Be6 16. Rd2 Bxc3 17. Qxc3
Qxc3 18. bxc3 Rfc8 19. Bd5 Bxd5 20. Rxd5 Rxc3 21. Rxd6 Rc2 22. e3 Rb2 23. a4
Rc8 24. h4 Rcc2 25. Rf6 Kg7 26. Rf4 h5 27. Rd1 Rc6 28. Rfd4 b5 29. axb5 axb5
30. Rf4 Rc7 31. Rdd4 Rb7 32. g4 hxg4 33. Rxg4 Kf8 34. Rb4 Rxb4 35. Rxb4 Ke7 36.
Kf1 Kd6 37. Ke2 Kc5 38. Rd4 Ra7 39. f3 b4 40. Kd2 Kb5 41. Kc2 Re7 42. Rd3 Kc4
43. Rd4+ Kc5 44. Rf4 {Ribli} 1/2-1/2

[Event "Linares Anibal op 04th"]
[Site "Linares"]
[Date "1997.??.??"]
[Round "2"]
[White "Pigusov, Evgeny"]
[Black "Iashvili, Akaki"]
[Result "1-0"]
[WhiteElo "2565"]
[BlackElo "2435"]
[Annotator "Ribli,Z"]
[PlyCount "57"]
[EventDate "1997.02.??"]
[EventType "swiss"]
[EventRounds "10"]
[EventCountry "ESP"]
[SourceTitle "CBM 058"]
[Source "ChessBase"]
[SourceDate "1997.06.01"]
[SourceVersion "1"]
[SourceVersionDate "1997.06.01"]
[SourceQuality "1"]

1. Nf3 g6 2. c4 Bg7 3. d4 Nf6 4. g3 c5 5. Bg2 O-O (5... Qa5+ $5 {Diese
provozierende Variante führt zu Komplikationen.Ribli.}) 6. O-O cxd4 7. Nxd4 Nc6
8. Nc3 Ng4 {Auf den ersten Blick ein überraschender Zug.} (8... d6) (8... Nxd4
9. Qxd4 d6) 9. e3 d6 {Wurde seinerzeit selbst von Fischer gespielt! Ribli.} 10.
Nce2 {Der Textzug war vom bulgarischen Topalov in die Turnierpraxis eingeführt
worden.Ribli.} (10. Nxc6 bxc6 11. Bxc6 Rb8 12. Bf3 Ne5 $44 {Saidy-Fischer,Mar
del Plata 1960,und Schwarz hat starke Initiative.Ribli.}) (10. b3 $5) 10... Bd7
11. b3 Nxd4 12. Nxd4 Rb8 {Weiß kontrolliert mehr Raum, er hat starken Druck
auf das Feld d5. Schwarz hat Chancen auf aktives Spiel durch den Vorstoß a6/b5.
Ribli.} 13. Bb2 a6 $6 (13... Qa5 $1 {Der Damenzug ist viel besser, vgl.
Topalov - Leko,Leon 1993.Ribli.}) 14. Qd2 $1 $14 {[%cal Gd2a5] Ein normaler
Entwicklungszug, der zugleich Qd8-a5 verhindert.Ribli.} b5 15. h3 $1 {Die
Reihenfolge der Züge ist wichtig. Schwarz muß mit seinem Springer zurückgehen.
Ribli.} Nf6 (15... Ne5 16. f4 $18) 16. Rfc1 (16. cxb5 axb5 17. Nc6 Bxc6 18.
Bxc6 Qb6 (18... b4 $5)) 16... e5 $6 {Dieser Zug erscheint mir antipositionell.
Ribli.} (16... Qb6 17. cxb5 axb5 18. Nc6 Bxc6 19. Rxc6 Qa7 $14) (16... b4 $6
17. a3 (17. c5 {In jedem Fall hat Schwarz viele Schwachpunkte am Damenflügel.
Ribli.})) 17. Nc6 Bxc6 18. Bxc6 bxc4 19. Rxc4 d5 20. Rc2 Qd6 21. Rac1 {Weiß
ist sehr gut entwickelt, er hat das Läuferpaar und keine Schwächen, aber
bislang resultiert daraus kein greifbarer Vorteil.Ribli.} Rfd8 22. Qa5 Qe6 (
22... d4 $5) 23. Kg2 d4 $6 (23... h5 24. Qxa6 Ra8 25. Qxa8 Rxa8 26. Bxa8 $14)
24. exd4 exd4 25. Re1 $16 Qf5 (25... Qc8) 26. Rc5 Qd3 27. Bf3 $18 {Weiss droht
28.Rd1 mit Damengewinn.Ribli.} Nd7 28. Rd5 (28. Rd1 Nxc5 29. Rxd3 Nxd3 $132)
28... Bf6 $2 {Schwarz pariert zwar die Drohung 29.Re7, aber er verliert seine
Dame.Ribli.} 29. Be4 {Schwarz gab auf Ribli.} 1-0

[Event "Karditsa"]
[Site "Karditsa"]
[Date "1994.??.??"]
[Round "7"]
[White "Skembris, Spyridon"]
[Black "Mastrokoukos, Georgios"]
[Result "1-0"]
[WhiteElo "2525"]
[BlackElo "2385"]
[Annotator "Ribli,Z"]
[PlyCount "97"]
[EventDate "1994.03.??"]
[EventType "tourn"]
[EventRounds "11"]
[EventCountry "GRE"]
[EventCategory "10"]
[SourceTitle "CBM 043"]
[Source "ChessBase"]
[SourceDate "1994.12.01"]
[SourceVersion "1"]
[SourceVersionDate "1994.12.01"]
[SourceQuality "1"]

1. c4 Nf6 2. Nc3 c5 3. g3 g6 4. Bg2 Bg7 5. Nf3 O-O 6. O-O Nc6 7. d4 cxd4 8.
Nxd4 Ng4 9. e3 d6 10. Nde2 $5 (10. Nce2 Bd7 11. b3 Nxd4 12. Nxd4 Rb8 13. Bb2
Qa5 $10 {Topalov,V-Leko,P/Leon/1993/CBM36/}) (10. Bxc6 bxc6 $5 11. Nxc6 Qd7 $44
{/\} 12. Nd5 Re8 13. Qf3 Bb7 $1 14. Na5 (14. Ncxe7+ $2 Kf8 $17) 14... Ba6 $17 {
פa5, c4}) (10. b3) 10... Qa5 (10... Nge5 {Skembris,S} 11. b3 Bg4 12. f3 $14)
11. Nd5 (11. Bd2 $2 Qh5 $17 {->}) (11. h3 $2 Nge5 12. b3 Nxc4 $17 (12... Bxh3
$5 $17)) 11... e6 (11... Bd7 12. Bd2 Qd8 13. Bc3 $14 {Wojtkiewicz,A-Adorjan,A/
Budapest zt-A/1993/CBM34/}) (11... Qc5 12. Nd4 $1 Bxd4 13. exd4 Qxc4 14. b3
Qxd4 15. Nxe7+ Kg7 16. Qxd4+ Nxd4 17. Bb2 $18) (11... Nge5 12. Bd2 $14) 12. Bd2
Qd8 (12... Qc5 $6 13. b4 $1 Qxc4 14. Rc1 Qxa2 15. Nec3 Qc4 (15... Bxc3 16. Nxc3
$18) 16. Nc7 $1 Rb8 17. Nb1 $1 $16) 13. Ndc3 Rb8 14. Rc1 a6 15. b3 Nce5 $6 (
15... Qe7 $14) (15... Bd7 16. Ne4 {/\ Bc3+/-}) 16. Nd4 Bd7 (16... b5 $2 17. f4
$18) (16... Nd3 $5) 17. Qe2 $1 $14 (17. f4 $6 Nd3 18. Qxg4 $2 Nxc1 19. Rxc1 e5
$19) 17... Nf6 18. Rfd1 Qe7 19. h3 h5 20. Be1 d5 $6 (20... Rfd8 $5) (20... Nc6
$14) 21. cxd5 exd5 (21... Nxd5 22. Nxd5 exd5 $16 {><d5}) 22. Nf3 $1 Nxf3+ (
22... Bc6 $142 $5) 23. Qxf3 Rbd8 24. Qf4 (24. Nxd5 $2 Nxd5 25. Rxd5 (25. Qxd5
Bg4 $19) 25... Bc6 26. Rxc6 bxc6 27. Rxd8 Rxd8 $17 {/\} 28. Qxc6 $4 Rd1 29. Kf1
Qb4 $19) 24... Bc6 25. Qh4 Qa3 26. Rc2 Rfe8 (26... Qc5 $142 $14) 27. Ne2 $1 Qd6
28. Bb4 Qe5 (28... g5 29. Bxd6 (29. Qd4 Qd7 {/\ Ne4<=> ףd4}) 29... gxh4 30.
Bf4 $16) 29. Qf4 $1 Ne4 (29... Qxf4 30. Nxf4 $16) (29... Qe6 30. Nd4 $16) 30.
Qxe5 Bxe5 31. Nd4 Bd7 (31... Bxd4 $5 $16) 32. Nf3 Bb8 $2 (32... Bc6 $142 $16)
33. Rxd5 Bf5 34. Rxd8 Rxd8 35. Rc1 $1 (35. Nh4 $4 Rd1+ 36. Kh2 Nxg3 $40) 35...
Ba7 36. Re1 $1 (36. Nh4 $2 Nxg3 $40) 36... g5 $2 (36... Rc8 37. Nd4 $18) 37.
Be7 Rd7 38. Bxg5 Nxg5 39. Nxg5 $18 Rd2 40. Bxb7 Rxa2 (40... f6 41. Ne4 $18) 41.
Bd5 Kg7 42. h4 f6 43. Ne6+ Kh6 44. Nf4 Bc2 45. b4 Ra4 46. Rc1 Bg6 47. Rc6 Rxb4
48. Rxf6 Rb6 49. Bc6 1-0